| 000 | 01695nam a2200529 i 4500 | ||
|---|---|---|---|
| 001 | 6429 | ||
| 003 | KOSZ 005 | ||
| 005 | 20210924124356.0 | ||
| 008 | 070730s1993 pl f |000 0 pol | ||
| 015 | _aPB 2007/17867 | ||
| 020 | _a8385492100 | ||
| 035 | _a991033846869705066 | ||
| 035 | _a(PL-WaBN)b19055900-48omnis_nlop | ||
| 035 | _ab19055900 | ||
| 035 | _a(OCoLC)749815361 | ||
| 035 | _a(PL)b0000001905590 | ||
| 035 | _a(EXLNZ-48OMNIS_NETWORK)9910199910605606 | ||
| 040 |
_aWA N _cWA N _dKOSZ 005/EC |
||
| 046 | _k1993 | ||
| 080 | _a159.9-057.17 | ||
| 080 | _a005.32 | ||
| 080 | _a159.955 | ||
| 100 | 1 |
_aNosal, Czesław Sławomir _d(1942- ) _eAutor |
|
| 245 | 1 | 0 |
_aUmysł menedżera : _bproblemy, decyzje, strategie / _cCzesław S. Nosal. |
| 260 |
_aWrocław : _bWrocławskie Wydawnictwo "Przecinek", _c1993. |
||
| 300 |
_a255, [1] s. ; _c21 cm. |
||
| 336 |
_2rdacontent _aTekst _btxt |
||
| 337 |
_2rdamedia _aBez urządzenia pośredniczącego _bn |
||
| 338 |
_2rdacarrier _aWolumin _bnc |
||
| 380 | _aKsiążki | ||
| 380 | _aPublikacje fachowe | ||
| 388 | _a1901-2000 | ||
| 388 | _a1989-2000 | ||
| 504 | _aBibliogr. s. 251-255. | ||
| 546 | _aSpis treści także ang. | ||
| 650 | 7 |
_aMenedżerowie _2DBN |
|
| 650 | 7 |
_aZarządzanie _2DBN |
|
| 650 | 2 | _aPodejmowanie decyzji | |
| 650 | 2 | _aTechniki planowania | |
| 658 | _aZarządzanie i marketing | ||
| 658 | _aPsychologia | ||
| 650 | 7 |
_aMyślenie _2DBN |
|
| 710 | 2 |
_4pbl _aWrocławskie Wydawnictwo "Przecinek" |
|
| 856 |
_uhttp://koha.tu.koszalin.pl/cgi-bin/koha/opac-detail.pl?biblionumber=6429 _yKatalog online BPK |
||
| 942 |
_2UKD _cKS |
||
| 999 |
_c6429 _d6429 |
||